Japan (Record no. 80701)

MARC details
000 -LEADER
fixed length control field 00573cab a22001935a 4500
001 - CONTROL NUMBER
control field L145106
008 - FIXED-LENGTH DATA ELEMENTS--GENERAL INFORMATION
fixed length control field 080903s2008 xxk 000 0 eng d
035 ## - SYSTEM CONTROL NUMBER
System control number (Sirsi) u145106
041 0# - LANGUAGE CODE
Language code of text/sound track or separate title eng
100 1# - MAIN ENTRY--PERSONAL NAME
Personal name McIntosh, Angus
245 00 - TITLE STATEMENT
Title Japan
-- A lesson from the 1990s being re-visited in the UK post credit crunch?
490 ## - SERIES STATEMENT
Series statement Property Forecast
Volume/sequential designation August 2008, 6-7(2)
520 ## - SUMMARY, ETC.
Summary, etc. A comparion of the current credit crunch crisis against the 1990s banking crisis in Japan.
590 ## - LOCAL NOTE (RLIN)
Local note KA
650 24 - SUBJECT ADDED ENTRY--TOPICAL TERM
Topical term or geographic name entry element JAPAN
651 #4 - SUBJECT ADDED ENTRY--GEOGRAPHIC NAME
Geographic name Japan
651 #4 - SUBJECT ADDED ENTRY--GEOGRAPHIC NAME
Geographic name Asia
942 ## - ADDED ENTRY ELEMENTS (KOHA)
Suppress in OPAC 0
Holdings
Withdrawn status Lost status Source of classification or shelving scheme Damaged status Not for loan Home library Current library Shelving location Date acquired Total Checkouts Full call number Barcode Date last seen Copy number Price effective from Koha item type
    Dewey Decimal Classification     London London Journal article 08/09/2008   L145106 145106-1001 06/08/2019 1 06/08/2019 Journal article